Effectif Réal Madrid saison 2024/2025 - Statistiques

Statistiques générales
  • Ce quiz a été pris 23 400 fois
    8 958 depuis la dernière actualisation
  • Le résultat moyen est 18 sur 23
Statistiques - réponses
Hint Réponse % Correct
G Thibaut Courtois
98%
A Kylian Mbappé
95%
A Vinícius Júnior
95%
A Rodrygo
93%
D Antonio Rüdiger
91%
G Andriy Lunin
89%
M Aurélien Tchouaméni
88%
M Eduardo Camavinga
88%
Coach Carlo Ancelotti
87%
M Luka Modric
87%
D Dani Carvajal
86%
D Ferland Mendy
83%
D Éder Militão
81%
M Jude Bellingham
81%
M Federico Valverde
78%
A Arda Güler
77%
D David Alaba
76%
A Endrick
71%
M Brahim Diaz
65%
D Fran Garcia
64%
D Lucas Vazquez
64%
M Dani Ceballos
56%
D Jesús Vallejo
6%
Aucun quiz correspondant
Distribution des résultats
% des personnes avec chaque résultat
Percentile par nombre de réponses
Votre historique - résultats
Vous n’avez pas pris ce quiz depuis la dernière actualisation